Most valuable footballer per country #2 - Statistics

General Stats
  • This quiz has been taken 10 times
  • The average score is 9 of 20
Answer Stats
Country Player Market value % Correct
Norway Erling Haaland €180 million
100%
Sweden Alexander Isak €120 million
90%
Hungary Dominik Szoboszlai €80 million
90%
Canada Alphonso Davies €50 million
80%
Ecuador Moisés Caicedo €90 million
70%
Egypt Omar Marmoush €75 million
70%
Czechia Patrik Schick €27 million
70%
Serbia Dušan Vlahović €35 million
50%
Türkiye Kenan Yıldız €50 million
50%
Poland Jakub Kiwior €28 million
40%
Austria Konrad Laimer €25 million
40%
South Korea Min-jae Kim €40 million
40%
Greece Vangelis Pavlidis €35 million
40%
Wales Brennan Johnson €40 million
30%
Ukraine Ilya Zabarnyi €42 million
30%
Algeria Rayan Aït-Nouri €35 million
30%
Denmark Morten Hjulmand €50 million
20%
Australia Alessandro Circati €8 million
0%
Panama Amir Murillo €10 million
0%
Costa Rica Manfred Ugalde €15 million
0%
No matching quizzes found
Score Distribution
Percent of People with Each Score
Percentile by Number Answered
Your Score History
You have not taken this quiz